<?xml version="1.0" encoding="UTF-8"?>
<collection xmlns="http://www.loc.gov/MARC21/slim">
<record>
  <controlfield tag="001">163644</controlfield>
  <controlfield tag="005">20251028143426.0</controlfield>
  <datafield tag="024" ind1="8" ind2=" ">
    <subfield code="2">innovaciondocente</subfield>
    <subfield code="a">5179</subfield>
  </datafield>
  <datafield tag="037" ind1=" " ind2=" ">
    <subfield code="a">INNODOC-2024-5179</subfield>
  </datafield>
  <datafield tag="041" ind1=" " ind2=" ">
    <subfield code="a">spa</subfield>
  </datafield>
  <datafield tag="100" ind1=" " ind2=" ">
    <subfield code="0">(orcid)0000-0003-1325-2373</subfield>
    <subfield code="a">Nadal García, Iciar</subfield>
    <subfield code="e">coord.</subfield>
  </datafield>
  <datafield tag="245" ind1=" " ind2=" ">
    <subfield code="a">El canto coral inclusivo: estrategias de aprendizaje virtual y accesible</subfield>
  </datafield>
  <datafield tag="260" ind1=" " ind2=" ">
    <subfield code="a">Zaragoza</subfield>
    <subfield code="b">Universidad de Zaragoza</subfield>
    <subfield code="c">2024</subfield>
  </datafield>
  <datafield tag="520" ind1="3" ind2=" ">
    <subfield code="a">Este proyecto constituye la continuidad al trabajo llevado a cabo con el coro Inclusivo Cantatutti de la Universidad de Zaragoza en proyectos previos, desde el curso académico 2017-18. Su objetivo principal radica en fortalecer el aprendizaje virtual y accesible para los participantes, una iniciativa que se ha venido desarrollando desde la creación de un aula virtual, complementando el trabajo presencial. La gran diversidad de los miembros participantes del coro, con diferentes necesidades y características físicas, psicológicas y cognitivas, hace que las Tecnologías de Apoyo a la Comunicación (TAC) sean un gran aliado para la adquisición de diferentes competencias, adaptándose a las necesidades y habilidades de cada individuo. Estas herramientas, al tiempo que promueven la equidad y la igualdad de oportunidades entre los participantes, permiten abordar los desafíos inherentes a la diversidad del grupo. En este contexto, el proyecto se enfoca en examinar el impacto del uso de las TAC en el aprendizaje y el desarrollo de competencias musicales entre los participantes.</subfield>
  </datafield>
  <datafield tag="700" ind1=" " ind2=" ">
    <subfield code="0">(orcid)0000-0003-0506-5922</subfield>
    <subfield code="a">Garrido Rubio, Ana Pilar</subfield>
  </datafield>
  <datafield tag="700" ind1=" " ind2=" ">
    <subfield code="0">(orcid)0000-0002-5943-5012</subfield>
    <subfield code="a">Juan Morera, Borja</subfield>
  </datafield>
  <datafield tag="700" ind1=" " ind2=" ">
    <subfield code="0">(orcid)0000-0001-9101-6478</subfield>
    <subfield code="a">López Casanova, María Belén</subfield>
  </datafield>
  <datafield tag="700" ind1=" " ind2=" ">
    <subfield code="a">García Artiaga, Óscar</subfield>
  </datafield>
  <datafield tag="700" ind1=" " ind2=" ">
    <subfield code="0">(orcid)0000-0002-2057-4293</subfield>
    <subfield code="a">Contreras Sequeira, Pablo</subfield>
  </datafield>
  <datafield tag="700" ind1=" " ind2=" ">
    <subfield code="a">Martínez Sisó, Víctor</subfield>
  </datafield>
  <datafield tag="856" ind1="4" ind2=" ">
    <subfield code="s">1054479</subfield>
    <subfield code="u">http://zaguan.unizar.es/record/163644/files/memoria_PIIDUZ_2024_5179.pdf</subfield>
    <subfield code="y">Memoria del proyecto</subfield>
  </datafield>
  <datafield tag="970" ind1=" " ind2=" ">
    <subfield code="a">INNODOC-2024-5179</subfield>
  </datafield>
  <datafield tag="980" ind1=" " ind2=" ">
    <subfield code="a">INNODOC</subfield>
    <subfield code="b">PIIDUZ</subfield>
    <subfield code="c">PIIDUZ_3 De referencia</subfield>
  </datafield>
</record>
</collection>